Statystyki dla Rozpoznaj Markę po Modelu samochodu #2

Kliknij tutaj aby rozwiązać quiz!

Ogólne statystyki

  • Ten quiz został rozwiązany 106 razy
  • Średni wynik to 12 z 30

Statystyki odpowiedzi

ModelMarka% Poprawnych
InsigniaOpel
96%
SeicentoFiat
93%
A4 AllroadAudi
77%
V60Volvo
75%
KodiaqSkoda
67%
SciroccoVolkswagen
67%
CaymanPorsche
66%
CelicaToyota
63%
Model STesla
61%
PicantoKia
58%
ZondaPagani
53%
CaroPolonez
53%
300ZXNissan
48%
SLKMercedes-Benz
45%
CougarFord
34%
QX30Infiniti
29%
H2Hummer
28%
A110Alpine
25%
3GTBMW
21%
LM002Lamborghini
20%
240ZDatsun
19%
DMC 12DeLorean
19%
Trans AMPontiac
19%
DartDodge
16%
MulsanneBentley
10%
MT900Mosler
10%
xBScion
7%
PacerAMC
6%
SierraGMC
4%
SportSyrena
2%

Rozkład punktacji

Percentyl według liczby udzielonych odpowiedzi

Procent ludzi z każdym wynikiem

Twoja historia wyników

Nie rozwiązałeś tego quizu